000 00764nam a2200241 i 4500
001 5567
003 ES-MaACL
005 20230906144626.0
008 881118s1988 sp a |||| | spa d
020 _a84-7658-062-2
080 _a37(46)"1900/1920"
080 _a2:37(46)"1900/1920"
100 1 _aYetano, Ana.
_9117632
245 1 3 _aLa enseñanza religiosa en la España de la Restauración
_b: (1900-1920) /
_cAna Yetano.
250 _a1ª ed.
260 _aBarcelona :
_bAnthropos,
_c1988.
300 _a410 p. :
_bil. ;
_c20 cm.
490 1 _aHistoria, ideas y textos ;
_v14
650 1 4 _aReligión-
_xEnseñanza-
_zEspaña-
_yS.XX.
_916798
830 0 _aHistoria, ideas y textos ;
_v14
_9177280
852 _aES-MaACL
_jL-12257
999 _c5567
_d5567